[Event "RUS-ch U16"]
[Site "Dagomys"]
[Date "2009.04.18"]
[Round "4"]
[White "Musaev, Rasul"]
[Black "Maksimov, Igor"]
[Result "0-1"]
[WhiteElo "2082"]
[BlackElo "2185"]
[PlyCount "78"]
[EventDate "2009.04.15"]
[EventType "swiss"]
[EventRounds "9"]
[EventCountry "RUS"]
[SourceTitle "CBM 130 Extra"]
[Source "ChessBase"]
[SourceDate "2009.07.02"]
[SourceVersion "2"]
[SourceVersionDate "2009.07.15"]
[SourceQuality "1"]

1. e4 Nf6 2. Nc3 d5 3. exd5 Nxd5 4. Bc4 Nxc3 5. Qf3 e6 6. Qxc3 a6 7. a4 b6 8. Nf3 Bb7 9. 0-0 Nd7 10. Re1 Nf6 11. Qb3 Bd6 12. d4 h6 13. Ne5 Bxe5 14. dxe5 Nd5 15. Qg3 Qd7 16. Bf1 0-0-0 17. c4 Nb4 18. Qc3 c5 19. a5 Qc6 20. f3 g5 21. h3 Rhg8 22. axb6 Qxb6 23. Be3 h5 24. Red1 g4 25. hxg4 hxg4 26. f4 g3 27. Rd6 Rxd6 28. exd6 Qxd6 29. Ra5 Nc6 30. Rxc5 Qe7 31. Rh5 f5 32. c5 e5 33. Qc4 Rd8 34. Rh6 Qg7 35. Qe6+ Kb8 36. fxe5 Rd1 37. Qxf5 Nd4 38. Qh5 Nf3+ 39. gxf3 g2 0-1

[Event "RUS-ch U16"]
[Site "Dagomys"]
[Date "2009.04.15"]
[Round "1"]
[White "Maksimov, Igor"]
[Black "Smagin, Nikita"]
[Result "1-0"]
[WhiteElo "2185"]
[BlackElo "2043"]
[PlyCount "103"]
[EventDate "2009.04.15"]
[EventType "swiss"]
[EventRounds "9"]
[EventCountry "RUS"]
[SourceTitle "CBM 130 Extra"]
[Source "ChessBase"]
[SourceDate "2009.07.02"]
[SourceVersion "2"]
[SourceVersionDate "2009.07.15"]
[SourceQuality "1"]

1. e4 e6 2. d4 d5 3. e5 c5 4. c3 Nc6 5. Nf3 Qb6 6. Be2 Bd7 7. 0-0 Rc8 8. a3 c4 9. Nbd2 Na5 10. Rb1 Be7 11. Ne1 Nh6 12. g4 0-0 13. f4 f6 14. exf6 Bxf6 15. Ng2 Be7 16. h3 Be8 17. Ne3 Qd6 18. Ng2 Bg6 19. Ra1 Bd8 20. Qe1 Bb6 21. Bd1 Bd3 22. Rf2 Nc6 23. Nf3 Nf7 24. Be3 Qe7 25. Bc2 Bxc2 26. Rxc2 Nd6 27. Re2 Rce8 28. Nd2 Bc7 29. Bf2 Qd7 30. Re3 Qf7 31. Qe2 Nb5 32. Rf3 Bd6 33. b4 a6 34. a4 Nc7 35. Re1 Qd7 36. Bg3 Bxb4 37. cxb4 Nxd4 38. Qe5 Nxf3+ 39. Nxf3 Rc8 40. Nd4 Qxa4 41. f5 Qxb4 42. fxe6 g6 43. e7 Rfe8 44. Nf4 Qb6 45. Nxd5 Nxd5 46. Qxd5+ Kg7 47. Bf2 Qf6 48. Ne6+ Kg8 49. Nd8+ Kg7 50. Bd4 Rcxd8 51. Bxf6+ Kxf6 52. Qe5+ 1-0

[Event "Vadsosjakken op"]
[Site "Vadso"]
[Date "2007.08.31"]
[Round "1"]
[White "Maksimov, Igor"]
[Black "Hoftaniska, Thor Erik"]
[Result "1-0"]
[WhiteElo "2108"]
[BlackElo "1682"]
[PlyCount "97"]
[EventDate "2007.08.31"]
[EventType "swiss"]
[EventRounds "5"]
[EventCountry "NOR"]
[SourceTitle "CBM 120 Extra"]
[Source "ChessBase"]
[SourceDate "2007.11.01"]
[SourceVersion "1"]
[SourceVersionDate "2007.11.01"]
[SourceQuality "1"]

1. Nf3 c5 2. c4 Nc6 3. d4 cxd4 4. Nxd4 g6 5. Nxc6 bxc6 6. Qd4 Nf6 7. e4 Bg7 8. e5 Ng8 9. c5 d6 10. cxd6 Qa5+ 11. Qc3 Qxe5+ 12. Qxe5 Bxe5 13. dxe7 Nxe7 14. Na3 Nf5 15. Nc4 Bf6 16. Bd3 0-0 17. 0-0 Rd8 18. Be4 Ba6 19. Na5 Bxf1 20. Kxf1 Rd1+ 21. Ke2 Rg1 22. Nb3 Re8 23. Kd3 Nd4 24. Be3 Rxa1 25. Nxa1 c5 26. Bd5 Rd8 27. Kc4 Nf5 28. Bxc5 Bxb2 29. Nc2 Rc8 30. Kb5 a5 31. a4 Bc3 32. g4 Ng7 33. Ne3 Ne6 34. Bxe6 fxe6 35. Nc4 Bb4 36. Bxb4 axb4 37. Kxb4 Kf8 38. a5 Ke7 39. Nb6 Rc6 40. Kb5 Kd6 41. a6 Kc7 42. Na8+ Kd6 43. a7 Rc5+ 44. Kb4 Rc2 45. Nb6 Rb2+ 46. Ka5 Kc7 47. Na4 Rxf2 48. a8Q Rxh2 49. Qe4 1-0

[Event "Vadsosjakken-A"]
[Site "Vadso"]
[Date "2003.08.29"]
[Round "1"]
[White "Maksimov, Igor"]
[Black "Fedin, Viktor"]
[Result "0-1"]
[WhiteElo "1900"]
[BlackElo "1791"]
[PlyCount "70"]
[EventDate "2003.08.??"]
[EventType "swiss"]
[EventRounds "5"]
[EventCountry "NOR"]
[SourceTitle "EXT 2005"]
[Source "ChessBase"]
[SourceDate "2004.11.15"]
[SourceVersion "1"]
[SourceVersionDate "2004.11.15"]
[SourceQuality "1"]

1. e4 e6 2. d4 c5 3. d5 exd5 4. exd5 d6 5. Nf3 Nf6 6. Nc3 Be7 7. h3 Bf5 8. Bd3 Bg6 9. 0-0 0-0 10. Bxg6 hxg6 11. Bf4 Nbd7 12. Re1 Re8 13. Nd2 Nb6 14. Nde4 Qd7 15. a4 Nxe4 16. Nxe4 Rad8 17. g4 f5 18. Ng3 Bf6 19. Rxe8+ Rxe8 20. gxf5 gxf5 21. Qd3 g6 22. a5 Na4 23. Qb3 Nxb2 24. Rb1 c4 25. Qb4 c3 26. Kf1 Kf7 27. f3 Rd8 28. Ne2 g5 29. Nxc3 Bxc3 30. Qxc3 Qb5+ 31. Kf2 Re8 32. Bd2 Nd1+ 33. Rxd1 Qe2+ 34. Kg3 Qxd1 35. Bxg5 Qe1+ 0-1

[Event "Hammerfest op"]
[Site "Hammerfest"]
[Date "2002.09.22"]
[Round "7"]
[White "Maksimov, Igor"]
[Black "Fedin, Viktor"]
[Result "0-1"]
[WhiteElo "2154"]
[BlackElo "1798"]
[PlyCount "53"]
[EventDate "2002.09.??"]
[EventType "swiss"]
[EventRounds "7"]
[EventCountry "NOR"]
[SourceTitle "EXT 2005"]
[Source "ChessBase"]
[SourceDate "2004.11.15"]
[SourceVersion "1"]
[SourceVersionDate "2004.11.15"]
[SourceQuality "1"]

1. e4 c6 2. Nc3 d5 3. exd5 cxd5 4. d4 Nc6 5. Bf4 Nf6 6. Nb5 e5 7. dxe5 Bg4 8. f3 Nh5 9. Bg5 Qxg5 10. fxg4 Qh4+ 11. g3 Nxg3 12. Nf3 Qxg4 13. hxg3 Qxg3+ 14. Ke2 0-0-0 15. Rh5 Bc5 16. Qe1 Qf4 17. Bg2 Qc4+ 18. Kd1 Qxb5 19. Kc1 g6 20. Rh3 h5 21. Ng5 Rhe8 22. Rb3 Qa4 23. Nf3 Qf4+ 24. Kb1 g5 25. Qc1 Qxc1+ 26. Kxc1 g4 27. Ng5 0-1

[Event "Geller Memorial op"]
[Site "Moscow"]
[Date "2001.??.??"]
[Round "1"]
[White "Maksimov, Igor"]
[Black "Kalugin, Sergei G"]
[Result "1/2-1/2"]
[WhiteElo "2119"]
[BlackElo "2455"]
[PlyCount "63"]
[EventDate "2001.10.26"]
[EventType "swiss"]
[EventRounds "9"]
[EventCountry "RUS"]
[SourceTitle "EXT 2002"]
[Source "ChessBase"]
[SourceDate "2001.11.25"]
[SourceVersion "1"]
[SourceVersionDate "2001.11.25"]
[SourceQuality "1"]

1. d4 Nf6 2. c4 e6 3. Nc3 Bb4 4. Bd2 0-0 5. Nf3 d5 6. e3 b6 7. cxd5 exd5 8. Bd3 Re8 9. Qc2 c5 10. 0-0 c4 11. Bf5 Nc6 12. Rfe1 g6 13. Bxc8 Rxc8 14. a3 Bf8 15. e4 dxe4 16. Nxe4 Nxe4 17. Rxe4 Qd5 18. Rae1 Rxe4 19. Qxe4 Rd8 20. Qxd5 Rxd5 21. Bc3 Be7 22. Ne5 Nxe5 23. dxe5 Rd3 24. a4 a6 25. Kf1 b5 26. axb5 axb5 27. e6 b4 28. Bxb4 Bxb4 29. e7 Bxe7 30. Rxe7 Rd1+ 31. Re1 Rd2 32. Re2 1/2-1/2

[Event "Pardubice Czech op"]
[Site "Pardubice"]
[Date "1998.??.??"]
[Round "6"]
[White "Maksimov, Igor"]
[Black "Schneider, Stefan"]
[Result "1/2-1/2"]
[WhiteElo "2090"]
[BlackElo "2320"]
[PlyCount "184"]
[EventDate "1998.07.??"]
[EventType "swiss"]
[EventRounds "9"]
[EventCountry "CZE"]
[SourceTitle "EXT 2000"]
[Source "ChessBase"]
[SourceDate "1999.11.16"]
[SourceVersion "1"]
[SourceVersionDate "1999.11.16"]
[SourceQuality "1"]

1. d4 Nf6 2. c4 e6 3. Nc3 Bb4 4. Bd2 d5 5. e3 0-0 6. Nf3 b6 7. cxd5 exd5 8. Qc2 c6 9. Bd3 Bb7 10. 0-0 Nbd7 11. a3 Bd6 12. b4 Qe7 13. e4 dxe4 14. Nxe4 Nxe4 15. Bxe4 Nf6 16. Rfe1 Nxe4 17. Rxe4 Qf6 18. Rh4 Qg6 19. Qc3 Rfe8 20. h3 Re4 21. Rxe4 Qxe4 22. Re1 Qd5 23. Qc1 Qf5 24. Qb1 Qxb1 25. Rxb1 Rd8 26. Be3 f6 27. Nd2 Kf7 28. Ne4 Be7 29. Nc3 Ba6 30. a4 Bd3 31. Rb2 Rc8 32. f3 Bc4 33. Kf2 Kg6 34. g4 f5 35. Kg3 Bf6 36. gxf5+ Kxf5 37. Ne4 Rd8 38. Nxf6 gxf6 39. a5 Rb8 40. axb6 axb6 41. Rb1 Ra8 42. d5 Bxd5 43. Bxb6 Ra3 44. Rf1 Bc4 45. Rf2 Rc3 46. Bc7 Rc1 47. Bd6 Rg1+ 48. Rg2 Rd1 49. Bc5 Bd5 50. Rg1 Rd3 51. Rf1 h5 52. h4 Be4 53. Rf2 Ke5 54. Kg2 Bd5 55. Kg3 f5 56. Bb6 f4+ 57. Kg2 Kf5 58. Bc5 Ra3 59. Be7 Ra7 60. Bf8 Ra8 61. Be7 Ra7 62. Bg5 Rb7 63. Rb2 Bc4 64. Bh6 Ke5 65. Rb1 Bd5 66. Re1+ Kf5 67. Bf8 Ra7 68. Re2 Ra3 69. Rf2 Rb3 70. Bd6 Re3 71. Bf8 Re6 72. Kf1 Bc4+ 73. Kg2 Be2 74. Bc5 Bd1 75. Rf1 Bb3 76. Kf2 Bc4 77. Re1 Rxe1 78. Kxe1 Bd5 79. Kf2 Bc4 80. Bd6 Bb5 81. Bc7 Bc4 82. Bd8 Bd5 83. Bg5 Bc4 84. Bh6 Bd5 85. Bg7 Bc4 86. Bh6 Bd5 87. Bg7 Bc4 88. Bc3 Bd5 89. Bd2 Bc4 90. Bc1 Bd5 91. Bb2 Bc4 92. Bd4 Bd5 1/2-1/2

[Event "Pardubice Czech op"]
[Site "Pardubice"]
[Date "1998.??.??"]
[Round "3"]
[White "Vavra, Pavel"]
[Black "Maksimov, Igor"]
[Result "1/2-1/2"]
[WhiteElo "2340"]
[BlackElo "2090"]
[PlyCount "24"]
[EventDate "1998.07.??"]
[EventType "swiss"]
[EventRounds "9"]
[EventCountry "CZE"]
[SourceTitle "EXT 2000"]
[Source "ChessBase"]
[SourceDate "1999.11.16"]
[SourceVersion "1"]
[SourceVersionDate "1999.11.16"]
[SourceQuality "1"]

1. e4 e5 2. Nf3 Nc6 3. Bc4 Be7 4. c3 Nf6 5. Qe2 0-0 6. 0-0 d6 7. h3 Na5 8. Bd3 c5 9. b4 Nc6 10. b5 Na5 11. Na3 Nh5 12. Bc2 Nf4 1/2-1/2